[Event "Marianske Lazne op"]
[Site "Marianske Lazne"]
[Date "2020.01.21"]
[Round "4"]
[White "Arndt, Stefan"]
[Black "Giemsa, Alexander"]
[Result "1-0"]
[WhiteElo "2199"]
[BlackElo "1861"]
[PlyCount "31"]
[EventDate "2020.01.18"]
[EventType "swiss"]
[EventRounds "9"]
[EventCountry "CZE"]
[SourceTitle "EXT 2021"]
[Source "ChessBase"]
[SourceDate "2020.10.23"]
[SourceVersion "1"]
[SourceVersionDate "2020.10.23"]
[SourceQuality "1"]

1. e4 e5 2. Nf3 Nc6 3. Bc4 f5 4. d4 fxe4 5. dxe5 Nxe5 6. Nxe5 Qe7 7. Bf4 Qb4+ 8. Nd2 Ne7 9. 0-0 b6 10. Qe2 Bb7 11. Nxe4 Ng6 12. Bg5 Nxe5 13. Nd2 Bd6 14. f4 Bc5+ 15. Kh1 Bd4 16. c3 1-0

[Event "Plzen op 10th"]
[Site "Plzen"]
[Date "2018.11.24"]
[Round "7"]
[White "Prats Alonso, Oscar"]
[Black "Giemsa, Alexander"]
[Result "1-0"]
[WhiteElo "1984"]
[BlackElo "1921"]
[PlyCount "79"]
[EventDate "2018.11.18"]
[EventType "swiss"]
[EventRounds "9"]
[EventCountry "CZE"]
[SourceTitle "CBM 189 Extra"]
[Source "ChessBase"]
[SourceDate "2019.06.03"]
[SourceVersion "1"]
[SourceVersionDate "2019.06.03"]
[SourceQuality "1"]

1. e4 e5 2. Nf3 Nc6 3. Bb5 d6 4. 0-0 a6 5. Ba4 b5 6. Bb3 Bg4 7. c3 Nf6 8. d3 Be7 9. a4 0-0 10. Bg5 h6 11. Bxf6 Bxf6 12. Na3 b4 13. Nc4 bxc3 14. bxc3 Rb8 15. Rb1 Bg5 16. Ne3 Bh5 17. Qe2 Kh8 18. Bc4 a5 19. Rb5 Rxb5 20. axb5 Ne7 21. h3 Qd7 22. g4 Bxe3 23. Qxe3 Bxg4 24. hxg4 Qxg4+ 25. Kh1 f5 26. Nh2 Qh4 27. Qg3 Qh5 28. Rg1 g5 29. f3 fxe4 30. dxe4 Rf4 31. Kg2 Nf5 32. exf5 Rxc4 33. Ng4 Rxc3 34. Rh1 Rc2+ 35. Nf2 Qf7 36. Rxh6+ Kg7 37. Qxg5+ Kf8 38. Rh8+ Qg8 39. Qxg8+ Ke7 40. Qe6# 1-0